Konštrukcia polohovacieho zváracieho prípravku pre spoločnosť TATRAVAGÓNKA a.s.
Salvato in:
| Autore principale: | |
|---|---|
| Altri autori: | |
| Natura: | Manoscritto Libro |
| Lingua: | slovacco |
| Pubblicazione: |
2022
|
| Soggetti: | |
| Accesso online: | http://is.stuba.sk/zp/portal_zp.pl?podrobnosti=164955 |
| Tags: |
Nessun Tag, puoi essere il primo ad aggiungerne!!
|
MARC
| LEADER | 00000ntm a22000003a 4500 | ||
|---|---|---|---|
| 001 | stuzp90981 | ||
| 003 | SK-STU | ||
| 005 | 20220611214234.8 | ||
| 007 | ta | ||
| 008 | 150427s2015----xo-----f-mn---000-0-slo-d | ||
| 040 | |a STU |b slo | ||
| 041 | 0 | |a slo | |
| 100 | 1 | |a Strigáč, Stanislav |u 020070 |k Z4 |4 aut |U SjF Strojnícka fakulta |T SjF Ústav výrobných systémov, enviromentálnej techniky a manažment kvality |X 93350 |U J0070 |Y 804 |7 93350 | |
| 242 | 0 | 1 | |a Design of a positioning welding jig for the company TATRAVAGÓNKA a.s. |y eng |
| 245 | 1 | 0 | |a Konštrukcia polohovacieho zváracieho prípravku pre spoločnosť TATRAVAGÓNKA a.s. |
| 260 | |c 2022 | ||
| 650 | 4 | |a zváracie prípravky |2 slo | |
| 650 | 4 | |a robot |2 slo | |
| 650 | 4 | |a kolaboratívny zvárací robot |2 slo | |
| 650 | 4 | |a polohovací zvárací prípravok |2 slo | |
| 650 | 4 | |a zváracie pracovisko |2 slo | |
| 650 | 4 | |a welding jigs |2 eng | |
| 650 | 4 | |a robot |2 eng | |
| 650 | 4 | |a welding workplace |2 eng | |
| 650 | 4 | |a collaborative welding robot |2 eng | |
| 650 | 4 | |a positioning welding jig |2 eng | |
| 700 | 1 | |a Matúš, Miloš |u 020070 |k Z1 |4 ths |U SjF Strojnícka fakulta |T SjF Ústav výrobných systémov, enviromentálnej techniky a manažment kvality |X 21762 |U J0070 |Y 804 |7 21762 | |
| 856 | 4 | |u http://is.stuba.sk/zp/portal_zp.pl?podrobnosti=164955 | |
| 996 | |b 284J046972 |c J* 3472/DDP |l JJSK |s A |a 24 |w stuzp90981_0001 | ||